Programming Windows / (Record no. 61761)
[ view plain ]
| 000 -LEADER | |
|---|---|
| fixed length control field | 01169pam a2200289 a 4500 |
| 001 - CONTROL NUMBER | |
| control field | 2144175 |
| 003 - CONTROL NUMBER IDENTIFIER | |
| control field | NUST-PNEC |
| 005 - DATE AND TIME OF LATEST TRANSACTION | |
| control field | 20170116180730.0 |
| 008 - FIXED-LENGTH DATA ELEMENTS--GENERAL INFORMATION | |
| fixed length control field | 980821s1999 waua 001 0 eng |
| 010 ## - LIBRARY OF CONGRESS CONTROL NUMBER | |
| LC control number | 98042529 |
| 020 ## - INTERNATIONAL STANDARD BOOK NUMBER | |
| International Standard Book Number | 157231995X |
| 040 ## - CATALOGING SOURCE | |
| Original cataloging agency | DLC |
| Transcribing agency | PNEC |
| 050 00 - LIBRARY OF CONGRESS CALL NUMBER | |
| Classification number | QA76.76.O63 |
| Item number | P533 1999 |
| 082 00 - DEWEY DECIMAL CLASSIFICATION NUMBER | |
| Classification number | 005.265 PET |
| Edition number | 21 |
| 100 1# - MAIN ENTRY--PERSONAL NAME | |
| Personal name | Petzold, Charles, |
| Dates associated with a name | 1953- |
| 245 10 - TITLE STATEMENT | |
| Title | Programming Windows / |
| Statement of responsibility, etc. | Charles Petzold. |
| 250 ## - EDITION STATEMENT | |
| Edition statement | 5th ed. |
| 260 ## - PUBLICATION, DISTRIBUTION, ETC. | |
| Place of publication, distribution, etc. | Redmond, Wash. : |
| Name of publisher, distributor, etc. | Microsoft Press, |
| Date of publication, distribution, etc. | c1999. |
| 300 ## - PHYSICAL DESCRIPTION | |
| Extent | xxiii, 1479 p. : |
| Other physical details | ill. ; |
| Dimensions | 25 cm. + |
| 500 ## - GENERAL NOTE | |
| General note | Includes index. |
| 538 ## - SYSTEM DETAILS NOTE | |
| System details note | System requirements for accompanying computer disc: Windows 98 or Windows NT 4.0 or later. |
| 630 00 - SUBJECT ADDED ENTRY--UNIFORM TITLE | |
| Uniform title | Microsoft Windows (Computer file) |
| General subdivision | MIS, Computer |
| 856 ## - ELECTRONIC LOCATION AND ACCESS | |
| Uniform Resource Identifier | <a href="http://www.amazon.com/Programming-Windows%C2%AE-Fifth-Developer-Reference/dp/157231995X/ref=sr_1_1?ie=UTF8&qid=1415949754&sr=8-1&keywords=PROGRAMMING+WINDOWS+BY+CHARLES+PETZOLD">http://www.amazon.com/Programming-Windows%C2%AE-Fifth-Developer-Reference/dp/157231995X/ref=sr_1_1?ie=UTF8&qid=1415949754&sr=8-1&keywords=PROGRAMMING+WINDOWS+BY+CHARLES+PETZOLD</a> |
| 906 ## - LOCAL DATA ELEMENT F, LDF (RLIN) | |
| a | 7 |
| b | cbc |
| c | orignew |
| d | 1 |
| e | ocip |
| f | 19 |
| g | y-gencatlg |
| 942 ## - ADDED ENTRY ELEMENTS (KOHA) | |
| Source of classification or shelving scheme | |
| Koha item type | Book |
| Withdrawn status | Lost status | Source of classification or shelving scheme | Damaged status | Not for loan | Permanent Location | Current Location | Shelving location | Date acquired | Source of acquisition | Cost, normal purchase price | Total Checkouts | Full call number | Barcode | Date last seen | Cost, replacement price | Price effective from | Koha item type | Date last checked out |
|---|---|---|---|---|---|---|---|---|---|---|---|---|---|---|---|---|---|---|
| Pakistan Navy Engineering College (PNEC) | Pakistan Navy Engineering College (PNEC) | 11/17/2009 | Fair Book Center | 3000.00 | 005.265 PET | PNECLIB-029360 | 11/14/2014 | 3000.00 | 11/17/2009 | Book | ||||||||
| Pakistan Navy Engineering College (PNEC) | Pakistan Navy Engineering College (PNEC) | 11/17/2009 | Library Grant | 3000.00 | 1 | 005.265 PET | PNECLIB-029361 | 08/15/2016 | 3000.00 | 11/17/2009 | Book | 01/15/2016 | ||||||
| Pakistan Navy Engineering College (PNEC) | Pakistan Navy Engineering College (PNEC) | 11/17/2009 | Library Grant | 3000.00 | 005.265 PET | PNECLIB-029362 | 11/19/2014 | 3000.00 | 11/17/2009 | Book |
